Estado, política económica y transición en Centroamérica (notas para su investigación) /
Збережено в:
| Автор: | |
|---|---|
| Формат: | Текст |
| Мова: | Spanish |
| Предмети: | |
| Теги: |
Додати тег
Немає тегів, Будьте першим, хто поставить тег для цього запису!
|
MARC
| LEADER | 00000 a a2200000 04500 | ||
|---|---|---|---|
| 003 | cru CRAI/IIS | ||
| 005 | 20210513112547.0 | ||
| 008 | 210513b |||||||| |||| 00| 0 spa d | ||
| 040 | |c cru CRAI/IIS | ||
| 100 | 1 | |a Coraggio, José Luis |9 5914 | |
| 245 | 1 | |a Estado, política económica y transición en Centroamérica (notas para su investigación) / |c José Luis Coraggio | |
| 300 | |a páginas 73-90 | ||
| 500 | |a Colección Centroamérica | ||
| 650 | |a ESTADO | ||
| 650 | |a POLITICA ECONOMICA | ||
| 942 | |2 ddc |c PP | ||
| 999 | |c 43675 |d 43675 | ||
| 773 | 0 | |0 18875 |9 5321 |a Universidad de Costa Rica. |d San José, Costa Rica: Universidad de Costa Rica. Consejo Superior Universitario Centroamericano, 1972- |o 14076 |t Estudios Sociales Centroamericanos / |x 03039676 | |
